000 00912nam a2200289 a 4500
008
020 _a9781452271002 (Paperback)
040 _aNUST
_cNUST
049 _aMAIN
090 _aH62
_bMAR
100 1 _aMarshall, Catherine.
245 1 0 _aDesigning qualitative research /
_cCatherine Marshall [and] Gretchen B. Rossman.
250 _aSixth edition.
260 _aLondon :
_bSage Publications,
_c2016.
300 _axxi, 309 pages ;
_c24 cm.
336 _atext
_btxt
_2rdacontent
337 _aunmediated
_bn
_2rdamedia
338 _avolume
_bnc
_2rdacarrier
500 _aIncludes index.
500 _aIncludes includes biblioraphical references.
650 1 _aSocial sciences
_xResearch
_xMethodology.
700 _aGretchen B. Rossman.
907 _a.b10398028
_b03-06-21
_c27-06-19
003
005 20241126161846.0
942 _cBOOKS
_kH62
_mMAR
_01
999 _c168552
_d168552